00515 a2200157 45000010006000000050017000060080041000230030015000640400040000790800022001192450051001412640038001923000018002305050079002481000030003272283220260407155518.0260407a1986 arg spa dAR-UNSa-BCEJYS aAR-UNSa-BCEJYSbspacAR-UNSa-BCEJYS a657xContabilidad10aAportes para la didáctica de la contabilidad 1aBuenos Aires :bA-Z Editorac1986 a85 p.c22 cm. a1. Entes - 2. Dinámica del ente - 3. Registro de la dinámica del ente.1 aAranciaga, Héctor Mario